Govt. of
Madhya Pradesh

Cow Protection and Politics (Record no. 63398)

MARC details
000 -LEADER
fixed length control field 00249nam a22001097a 4500
082 ## - DEWEY DECIMAL CLASSIFICATION NUMBER
Classification number 320
100 ## - MAIN ENTRY--AUTHOR NAME
Personal name Mehta, M. N.
245 ## - TITLE STATEMENT
Title Cow Protection and Politics
260 ## - PUBLICATION, DISTRIBUTION, ETC. (IMPRINT)
Place of publication Delhi
Name of publisher Mukund Pub
Year of publication 2019
650 ## - SUBJECT ADDED ENTRY--TOPICAL TERM
Topical Term Politics
942 ## - ADDED ENTRY ELEMENTS (KOHA)
Koha item type Books
Holdings
Withdrawn status Lost status Damaged status Not for loan Home library Current library Date acquired Cost, normal purchase price Full call number Accession Number Price effective from Koha item type
        MACL MACL 25/09/2020 950.00 320 CRE037554 25/09/2020 Books